000 00376nam a22001697a 4500
005 20160623120326.0
008 160623b xxu||||| |||| 00| 0 eng d
020 _a978-81-203-3529-1
041 _aeng
082 _b9388
100 _aGovindarajan, M
_92581
245 _aMarketing Management
260 _bPHI
300 _a301
650 _aManagement
_9241
942 _cBK
999 _c3682
_d3681